Indianapolis Int. Airport Destinations (Indianapolis, IN, USA) - Statistics

General Stats
  • This quiz has been taken 134 times
    73 since last reset
  • The average score is 42 of 54
Answer Stats
Airline Destination % Correct
Delta Air Lines/Frontier Airlines/Southwest Airlines/Spirit Airlines Atlanta
96%
Southwest Airlines Chicago (Midway)
96%
American Airlines/American Eagle/United Airlines/United Express Chicago (O'Hare)
96%
American Airlines/Frontier Airlines/Spirit Airlines Dallas/Fort Worth
94%
Southwest Airlines Dallas (Love)
94%
Frontier Airlines/Southwest Airlines/United Airlines Denver
94%
American Eagle/Delta Connection New York (JFK)
94%
American Eagle/Delta Connection/Spirit Airlines New York (LaGuardia)
94%
Frontier Airlines/Southwest Airlines/Spirit Airlines Orlando
94%
Allegiant Air Orlando/Sanford
94%
Alaska Airlines Seattle/Tacoma
94%
Delta Air Lines/Delta Connection Detroit
92%
Southwest Airlines Houston (Hobby)
92%
United Airlines/United Express Houston (Intercontinental)
92%
Allegiant Air/American Airlines/Delta Air Lines/Spirit Airlines Los Angeles
92%
Delta Air Lines/Delta Connection/Sun Country Airlines Minneapolis/St. Paul
92%
American Airlines/Frontier Airlines/Southwest Airlines Phoenix (Sky Harbor)
92%
Allegiant Air/Delta Connection/Southwest Airlines Austin
90%
Allegiant Air/American Eagle/Delta Connection/Southwest Airlines Boston
90%
American Airlines/American Eagle/Southwest Airlines Miami
90%
United Express Washington (Dulles)
90%
American Airlines/American Eagle Washington (National)
90%
Southwest Airlines Baltimore
88%
American Airlines/American Eagle/Spirit Airlines Charlotte
88%
Southwest Airlines Nashville
88%
American Airlines/American Eagle/Frontier Airlines Philadelphia
88%
United Airlines San Francisco
88%
Allegiant Air/Southwest Airlines/Spirit Airlines Las Vegas
85%
Southwest Airlines San Diego
85%
Spirit Airlines New Orleans
83%
Frontier Airlines/Southwest Airlines/Spirit Airlines Tampa
83%
Spirit Airlines/United Express Newark
81%
Air Canada Express Toronto (Pearson)
79%
Allegiant Air Jacksonville (FL)
77%
Delta Air Lines Salt Lake City
77%
Frontier Airlines Raleigh/Durham
73%
Allegiant Air/Southwest Airlines/Spirit Airlines Fort Lauderdale
71%
Southwest Airlines Kansas City
69%
Aer Lingus Dublin
67%
Allegiant Air Key West
65%
American Airlines/Delta Air Lines/Southwest Airlines Cancun
63%
Southwest Airlines/Spirit Airlines Fort Myers
63%
Allegiant Air Charleston (SC)
60%
Allegiant Air Destin/Fort Walton Beach
60%
Allegiant Air/Southwest Airlines Sarasota
56%
Spirit Airlines Pensacola
54%
Allegiant Air/Spirit Airlines Myrtle Beach
48%
Allegiant Air St. Petersburg/Clearwater
48%
Allegiant Air West Palm Beach
48%
Southwest Airlines Panama City (FL)
46%
American Airlines Punta Cana
44%
Allegiant Air Savannah
44%
Allegiant Air Punta Gorda (FL)
42%
Allegiant Air Portland (OR)
6%
No matching quizzes found
Score Distribution
Percent of People with Each Score
Percentile by Number Answered
Your Score History
You have not taken this quiz since the last reset